PATHOLOGY QUICK REVIEW: Includes exclusive description of all the competencies as per curriculum NMC (Record no. 8387)

MARC details
000 -LEADER
fixed length control field 00507nam a22001817a 4500
005 - DATE AND TIME OF LATEST TRANSACTION
control field 20230821110908.0
008 - FIXED-LENGTH DATA ELEMENTS--GENERAL INFORMATION
fixed length control field 230818b |||||||| |||| 00| 0 eng d
020 ## - INTERNATIONAL STANDARD BOOK NUMBER
ISBN 978-98-5465-894-5
041 ## - LANGUAGE CODE
Language code of text/sound track or separate title eng
082 ## - DEWEY DECIMAL CLASSIFICATION NUMBER
Classification number 612
100 ## - MAIN ENTRY--AUTHOR NAME
Personal name MOHAN, HARSH
245 ## - TITLE STATEMENT
Title PATHOLOGY QUICK REVIEW: Includes exclusive description of all the competencies as per curriculum NMC
250 ## - EDITION STATEMENT
Edition statement 6TH ED.2023
260 ## - PUBLICATION, DISTRIBUTION, ETC. (IMPRINT)
Place of publication NEW DELHI
Name of publisher JAYPEE BROTHERS
Year of publication 2023
300 ## - PHYSICAL DESCRIPTION
Number of Pages 268;p
650 ## - SUBJECT ADDED ENTRY--TOPICAL TERM
Topical Term BPT
942 ## - ADDED ENTRY ELEMENTS (KOHA)
Koha item type Books
Holdings
Lost status Damaged status Collection code Home library Current library Shelving location Date acquired Source of acquisition Cost, normal purchase price Full call number Accession Number Koha item type
    PHYSIOTHERAPY JRU Library JRU Library SHELF-104-E 05/08/2023 PURCHASE 2795.00 612 27891 Books
    PHYSIOTHERAPY JRU Library JRU Library SHELF-104-E 05/08/2023 PURCHASE 2795.00 612 27892 Books
    PHYSIOTHERAPY JRU Library JRU Library SHELF-104-E 05/08/2023 PURCHASE 2795.00 612 27893 Books